书目信息 |
| 题名: |
花境赏析
|
|
| 作者: | 成海钟, 主编 | |
| 分册: | 2019 | |
| 出版信息: | 北京 中国林业出版社 2019.09 |
|
| 页数: | 231页 | |
| 开本: | 29cm | |
| 丛书名: | ||
| 单 册: | ||
| 中图分类: | S688.3 | |
| 科图分类: | ||
| 主题词: | 园林植物--yuan lin zhi wu--花镜--设计 | |
| 电子资源: | ||
| ISBN: | 978-7-5219-0190-0 | |
| 000 | 00770nam 2200217 450 | |
| 001 | 2059920035 | |
| 005 | 20201105163851.15 | |
| 010 | @a978-7-5219-0190-0@dCNY98.00 | |
| 100 | @a20191125d2019 em y0chiy50 ea | |
| 101 | 0 | @achi |
| 102 | @aCN@b110000 | |
| 105 | @aak z 000yy | |
| 200 | 1 | @a花境赏析@Ahua jing shang xi@h2019@f成海钟主编 |
| 210 | @a北京@c中国林业出版社@d2019.09 | |
| 215 | @a231页@c彩图@d29cm | |
| 330 | @a本书为中国花境竞赛作品集, 包括林缘花境、路缘花境、岛状花境等类型, 代表了我国当前花境水平的优秀作品和主要风格, 参与对象多为植物园、各大院校及著名公司。 | |
| 606 | 0 | @a园林植物@Ayuan lin zhi wu@x花镜@x设计 |
| 690 | @aS688.3@v5 | |
| 701 | 0 | @a成海钟,@Acheng hai zhong@f1954-@4主编 |
| 801 | 0 | @aCN@b人天书店@c20201002 |
| 905 | @aZUCC@dS688.3@eC718 | |
| 花境赏析.2019/成海钟主编.-北京:中国林业出版社,2019.09 |
| 231页:彩图;29cm |
| ISBN 978-7-5219-0190-0:CNY98.00 |
| 本书为中国花境竞赛作品集, 包括林缘花境、路缘花境、岛状花境等类型, 代表了我国当前花境水平的优秀作品和主要风格, 参与对象多为植物园、各大院校及著名公司。 |
| ● |
| 相关链接 |
|
|
|
正题名:花境赏析
索取号:S688.3/C718
 
预约/预借
| 序号 | 登录号 | 条形码 | 馆藏地/架位号 | 状态 | 备注 |
| 1 | 1479858 | 214798584 | 自科库401/401自科库 68排5列4层/ [索取号:S688.3/C718] | 在馆 | |
| 2 | 1479859 | 214798593 | 自科库401/401自科库 68排5列4层/ [索取号:S688.3/C718] | 在馆 |